000 00736nam a2200241 a 4500
001 51410
003 BD-RjUL
005 20211209075645.0
008 160830s1946 enk 000 0 eng c
035 _a(BD-RjUL)51530
040 _aDLM
_cDLM
_dMYG
_dBD-RjUL
_beng
041 _aeng
082 _a380.1
_223
_bDUI 1946
100 1 _aDuncan, G. A.
_q(George Alexander),
_d1902-
_9153775
245 1 0 _aInternational trade /
_cby G. A. Duncan.
260 _aLondon :
_bRoyal Institute of International Affairs,
_c1946
300 _a59 p. ;
_c19 cm.
490 1 _a"Looking forward" pamphlets ;
_vno. 7
650 0 _aCommerce.
_9153776
830 0 _a"Looking forward" pamphlets ;
_vno. 7.
_9153781
942 _2ddc
_cBK
999 _c51410
_d51410